Hindu law / (Record no. 102542)

MARC details
000 -LEADER
fixed length control field 00898nam a22002417a 4500
005 - DATE AND TIME OF LATEST TRANSACTION
control field 20181220153542.0
010 ## - LCCN (DPL NO)
LC control number 1617EN ENG-116933
020 ## - INTERNATIONAL STANDARD BOOK NUMBER
International Standard Book Number 9789382823247
Terms of availability 1395.00
035 ## - SYSTEM CONTROL NUMBER
System control number B-653116-127
035 ## - SYSTEM CONTROL NUMBER
System control number EN-100465
037 ## - SOURCE OF ACQUISITION
Stock number dpl
Source of stock number/acquisition Viva
037 ## - SOURCE OF ACQUISITION
Source of stock number/acquisition DBAD/PUB
082 ## - DEWEY DECIMAL CLASSIFICATION NUMBER
Classification number 340.0917645
100 ## - MAIN ENTRY--PERSONAL NAME
Personal name Tabasum, Samiya
245 ## - TITLE STATEMENT
Title Hindu law /
Statement of responsibility, etc by Samiya Tabasum; forwarded by A.Muhamed Mustaque
260 ## - PUBLICATION, DISTRIBUTION, ETC. (IMPRINT)
Place of publication, distribution, etc New Delhi
Name of publisher, distributor, etc Satyam Law International
Date of publication, distribution, etc 2015
270 ## - ADDRESS
Address 2/13, Ansari Road, Darya Ganj,
City New Delhi
Postal code 110002
300 ## - PHYSICAL DESCRIPTION
Extent xxvi,598p.
Dimensions 23cm(Hb)
500 ## - GENERAL NOTE
General note Includes bibliographical references
700 ## - ADDED ENTRY--PERSONAL NAME
Personal name Mustaque, Muhamed
942 ## - ADDED ENTRY ELEMENTS (KOHA)
Source of classification or shelving scheme Dewey Decimal Classification
Item type English Books
Call number suffix TAB
Classification part 340.0917645
Holdings
Withdrawn status Lost status Not for loan Collection code Home library Current library Date acquired Source of acquisition Cost, normal purchase price Full call number Barcode Copy number Cost, replacement price Koha item type
    Not For Loan Non-fiction D.B.Act.Division Bawana 26/12/2016 DBAD/PUB 1395.00 340.0917645 TAB EN-100465 1 1395.00 English Books
      Non-fiction Bawana Bawana 07/03/2017 BPPD/EN/2016-17/309/24.11.2016/006630/1.12.201/04.01.2017 1395.00 340.0917645 TAB B-653123 1 1395.00 English Books
      Non-fiction Bawana Bawana 07/03/2017 BPPD/EN/2016-17/309/24.11.2016/006630/1.12.201/04.01.2017 1395.00 340.0917645 TAB B-653125 1 1395.00 English Books
      Non-fiction Central Library Central Library 07/03/2017 BPPD/EN/2016-17/309/24.11.2016/006630/1.12.201/04.01.2017 1395.00 340.0917645 TAB B-653116 1 1395.00 English Books
    Not For Loan Reference Central Library Central Library 07/03/2017 BPPD/EN/2016-17/309/24.11.2016/006630/1.12.201/04.01.2017 1395.00 340.0917645 TAB B-653117 1 1395.00 English Books
      Non-fiction Janak Puri Janak Puri 07/03/2017 BPPD/EN/2016-17/309/24.11.2016/006630/1.12.201/04.01.2017 1395.00 340.0917645 TAB B-653121 1 1395.00 English Books
      Non-fiction New Police Line New Police Line 07/03/2017 BPPD/EN/2016-17/309/24.11.2016/006630/1.12.201/04.01.2017 1395.00 340.0917645 TAB B-653118 1 1395.00 English Books
      Non-fiction New Rohtak Road New Rohtak Road 07/03/2017 BPPD/EN/2016-17/309/24.11.2016/006630/1.12.201/04.01.2017 1395.00 340.0917645 TAB B-653124 1 1395.00 English Books
      Non-fiction Patel Nagar Patel Nagar 07/03/2017 BPPD/EN/2016-17/309/24.11.2016/006630/1.12.201/04.01.2017 1395.00 340.0917645 TAB B-653119 1 1395.00 English Books
      Reference Patel Nagar Patel Nagar 07/03/2017 BPPD/EN/2016-17/309/24.11.2016/006630/1.12.201/04.01.2017 1395.00 340.0917645 TAB B-653120 1 1395.00 English Books
      Non-fiction Sarojini Nagar Sarojini Nagar 07/03/2017 BPPD/EN/2016-17/309/24.11.2016/006630/1.12.201/04.01.2017 1395.00 340.0917645 TAB B-653122 1 1395.00 English Books
      Non-fiction Shahdara Branch Shahdara Branch 07/03/2017 BPPD/EN/2016-17/309/24.11.2016/006630/1.12.201/04.01.2017 1395.00 340.0917645 TAB B-653126 1 1395.00 English Books
      Non-fiction Yojana Vihar Yojana Vihar 07/03/2017 BPPD/EN/2016-17/309/24.11.2016/006630/1.12.201/04.01.2017 1395.00 340.0917645 TAB B-653127 1 1395.00 English Books

© Delhi Public Library
Hit Counter
free hit counter